[Event "?"]
[Site "?"]
[Date "2017.11.05"]
[Round "2.2"]
[White "Lipinsky, Markus"]
[Black "Teske, Henrik"]
[Result "0-1"]
[WhiteElo "2008"]
[BlackElo "2471"]
[PlyCount "44"]
[EventDate "2017.??.??"]
[WhiteTeam "SC Tarrasch München"]
[BlackTeam "SV Empor Erfurt"]

1. d4 Nf6 2. c4 b6 3. Nf3 Bb7 4. Nc3 d5 5. e3 Nbd7 6. Bd3 e6 7. O-O Bb4 8. cxd5
exd5 9. Ne5 O-O 10. a3 Bd6 11. f4 c5 12. Qf3 a6 13. g4 Rc8 14. g5 Ne4 15. Nxe4
dxe4 16. Bxe4 Bxe4 17. Qxe4 b5 18. Rf3 Re8 19. Qb7 Bxe5 20. fxe5 cxd4 21. exd4
Rc7 22. Qe4 Rxc1+ 0-1

[Event "?"]
[Site "?"]
[Date "2017.11.05"]
[Round "2.3"]
[White "Gegenfurtner, Jürgen"]
[Black "Diller, Peter"]
[Result "1-0"]
[WhiteElo "2293"]
[BlackElo "1976"]
[PlyCount "43"]
[EventDate "2017.??.??"]
[WhiteTeam "SV Seubelsdorf"]
[BlackTeam "SK Rothenburg"]

1. e4 e6 2. d4 d5 3. Nc3 Bb4 4. e5 c5 5. a3 Bxc3+ 6. bxc3 Qc7 7. Nf3 Nc6 8. h4
Bd7 9. h5 f6 10. h6 gxh6 11. Bf4 O-O-O 12. Qd2 fxe5 13. Nxe5 Nf6 14. f3 Qb6 15.
Nf7 cxd4 16. Nd6+ Kb8 17. Nc4+ e5 18. Nxb6 axb6 19. cxd4 Rhe8 20. dxe5 Nxe5 21.
Qd4 Kc8 22. Bxe5 1-0

[Event "?"]
[Site "?"]
[Date "2017.11.05"]
[Round "2.4"]
[White "Haasner, Tom"]
[Black "Andersen, Jens Knud"]
[Result "1/2-1/2"]
[WhiteElo "1959"]
[BlackElo "2186"]
[PlyCount "41"]
[EventDate "2017.??.??"]
[WhiteTeam "TSV Rottendorf"]
[BlackTeam "SK Mering"]

1. d4 Nf6 2. c4 e6 3. Nf3 d5 4. Nc3 Be7 5. Bg5 h6 6. Bh4 Nbd7 7. cxd5 exd5 8.
e3 c6 9. Bd3 Nh5 10. Bxe7 Qxe7 11. Qe2 Nhf6 12. h3 O-O 13. g4 Ne4 14. Bxe4 dxe4
15. Nd2 Nf6 16. O-O-O c5 17. dxc5 Qxc5 18. Qc4 Qa5 19. Nb3 Qe5 20. Kb1 b6 21.
Qd4 1/2-1/2

[Event "?"]
[Site "?"]
[Date "2017.11.05"]
[Round "2.5"]
[White "Naundorf, Maik"]
[Black "Nemetz, Markus"]
[Result "1/2-1/2"]
[WhiteElo "2142"]
[BlackElo "1943"]
[PlyCount "44"]
[EventDate "2017.??.??"]
[WhiteTeam "Elberfelder SG"]
[BlackTeam "SV Mödling (Aut)"]

1. c4 e6 2. g3 d5 3. Bg2 Nf6 4. Nf3 Be7 5. O-O O-O 6. b3 b6 7. Bb2 Bb7 8. cxd5
exd5 9. d4 Nbd7 10. Nc3 Re8 11. Ne5 Bd6 12. Nd3 Qe7 13. e3 c6 14. Re1 Ne4 15.
Qc2 h5 16. a3 h4 17. b4 Ndf6 18. Ne5 hxg3 19. hxg3 Rac8 20. Nxe4 Nxe4 21. Nf3
Ng5 22. Nxg5 Qxg5 1/2-1/2

[Event "?"]
[Site "?"]
[Date "2017.11.05"]
[Round "2.6"]
[White "Chen, Jiaoji"]
[Black "Stadler, Alexander"]
[Result "1/2-1/2"]
[WhiteElo "1923"]
[BlackElo "2130"]
[PlyCount "92"]
[EventDate "2017.??.??"]
[WhiteTeam "SV Würzburg"]
[BlackTeam "SC Vilshofen"]

1. d4 d6 2. e4 Nf6 3. Nc3 e5 4. dxe5 dxe5 5. Qxd8+ Kxd8 6. Bg5 Be6 7. O-O-O+
Kc8 8. f3 Nbd7 9. Nd5 c6 10. Nxf6 gxf6 11. Be3 a5 12. a3 b5 13. Kb1 b4 14. axb4
axb4 15. b3 Bc5 16. Bxc5 Nxc5 17. Ne2 Kc7 18. Nc1 Ra3 19. Kb2 Rha8 20. Be2 Ra1
21. g4 R8a3 22. Rhf1 Bxb3 23. cxb3 Nxb3 24. Rd3 Nd4 25. Rxa3 Rxa3 26. f4 Rh3
27. Rf2 exf4 28. Bf1 Rf3 29. Nd3 Kd6 30. Rxf3 Nxf3 31. Nxf4 Nxh2 32. Be2 Ke5
33. Nh5 h6 34. Kb3 c5 35. Kc4 Kxe4 36. Nxf6+ Kf4 37. Bd1 Ke3 38. Kxc5 Kd2 39.
Bb3 Nxg4 40. Nxg4 Kc3 41. Bxf7 b3 42. Nxh6 b2 43. Bg6 Kd2 44. Ng4 Kc1 45. Nf2
b1=Q 46. Bxb1 Kxb1 1/2-1/2

[Event "?"]
[Site "?"]
[Date "2017.11.05"]
[Round "2.7"]
[White "Diller, Marianne"]
[Black "Feldheim, Jonas"]
[Result "1/2-1/2"]
[WhiteElo "1904"]
[BlackElo "2087"]
[PlyCount "94"]
[EventDate "2017.??.??"]
[WhiteTeam "SK Rothenburg"]
[BlackTeam "Spvgg Stetten"]

1. d4 d5 2. c4 c6 3. Nf3 Nf6 4. Bf4 dxc4 5. e3 b5 6. a4 Qb6 7. b3 e5 8. dxe5
Bb4+ 9. Nfd2 Ne4 10. bxc4 O-O 11. Bd3 Nxd2 12. Nxd2 Rd8 13. Bxh7+ Kxh7 14. Qb1+
Bf5 15. Qxb4 Na6 16. Qb2 Nc5 17. O-O Nxa4 18. Qc1 Nc5 19. Qd1 Kg8 20. e4 Nxe4
21. Qc1 Nxd2 22. Bxd2 Rxd2 23. Qxd2 b4 24. Rfe1 a5 25. Re3 a4 26. Rg3 b3 27.
Qb2 Be6 28. Rxb3 Qxb3 29. Qxb3 axb3 30. Rxa8+ Kh7 31. c5 Kg6 32. Rb8 Kf5 33.
Kf1 Kxe5 34. Ke2 Kd4 35. Kd2 Kxc5 36. Kc3 Kd6 37. f4 g6 38. h3 Bd5 39. g4 Ke6
40. Re8+ Kd7 41. Re1 Be6 42. Rf1 f5 43. g5 c5 44. Ra1 Ke7 45. Ra7+ Kf8 46. Rc7
c4 47. Rb7 Bf7 1/2-1/2

[Event "?"]
[Site "?"]
[Date "2017.11.05"]
[Round "2.8"]
[White "Bräutigam, Thomas"]
[Black "Heppert, Lars"]
[Result "1-0"]
[WhiteElo "2075"]
[BlackElo "1904"]
[PlyCount "85"]
[EventDate "2017.??.??"]
[WhiteTeam "SV Würzburg"]
[BlackTeam "SK Neuburg"]

1. d4 g6 2. e4 Bg7 3. Nf3 d6 4. Nc3 c6 5. a4 Nd7 6. Be2 h6 7. O-O e5 8. Be3
Ngf6 9. dxe5 dxe5 10. Nd2 O-O 11. Nc4 Qe7 12. Qd2 Kh7 13. Rfd1 Nc5 14. f3 b6
15. Qd6 Qxd6 16. Rxd6 Bb7 17. a5 Ncd7 18. axb6 axb6 19. Rxa8 Rxa8 20. Nxb6 Nxb6
21. Bxb6 Bf8 22. Rd8 Bc5+ 23. Bxc5 Rxd8 24. Be7 Rd2 25. Bxf6 Rxc2 26. Bxe5 Rxb2
27. g4 Kg8 28. h4 Kf8 29. Kf1 Ke8 30. Ke1 Bc8 31. f4 Be6 32. f5 Bb3 33. Bf4 Rc2
34. Bd2 g5 35. hxg5 hxg5 36. Bd1 Rxd2 37. Kxd2 Bxd1 38. Nxd1 f6 39. Kd3 Ke7 40.
Kd4 Kd6 41. Nf2 c5+ 42. Kc4 Ke5 43. Kxc5 1-0

[Event "?"]
[Site "?"]
[Date "2017.11.05"]
[Round "2.9"]
[White "Weber, Daniel"]
[Black "Asadzade, Idris"]
[Result "1/2-1/2"]
[WhiteElo "2057"]
[BlackElo "1898"]
[PlyCount "106"]
[EventDate "2017.??.??"]
[WhiteTeam "SF 1903 Berlin"]
[BlackTeam "Königsspringer Leverkusen"]

1. d4 Nf6 2. Nf3 c5 3. e3 d5 4. c4 e6 5. Nc3 a6 6. dxc5 Bxc5 7. a3 dxc4 8.
Qxd8+ Kxd8 9. Bxc4 b5 10. Be2 Nc6 11. b4 Bb6 12. Bb2 Bb7 13. O-O Ke7 14. Rac1
Rac8 15. Nd2 Rhd8 16. Nb3 Nd7 17. Nb1 f6 18. Bf3 Ba8 19. N1d2 Nde5 20. Bxe5
Nxe5 21. Bxa8 Rxa8 22. Rfd1 Rd3 23. Kf1 Rad8 24. Ke2 Nc4 25. Nxc4 bxc4 26. Rxd3
Rxd3 27. Nd2 Rxa3 28. Rxc4 Kd6 29. Rg4 Ra2 30. Rxg7 a5 31. Rg4 e5 32. Kd3 Ra3+
33. Kc4 Ra2 34. Ne4+ Ke6 35. bxa5 Bxa5 36. Rh4 Kf5 37. Kd3 Kg6 38. g4 Be1 39.
g5 Bxf2 40. Rh6+ Kg7 41. Nxf6 Ra3+ 42. Ke2 Bxe3 43. h4 Bf4 44. Rxh7+ Kg6 45.
Rh6+ Kf5 46. Nh7 Kg4 47. Nf6+ Kf5 48. Nd7 Ra2+ 49. Kf1 Ra1+ 50. Ke2 Ra2+ 51.
Kf1 Ra1+ 52. Kg2 Ra2+ 53. Kf1 Ra1+ 1/2-1/2

[Event "?"]
[Site "?"]
[Date "2017.11.05"]
[Round "2.10"]
[White "Pohl, Steffen"]
[Black "Wagner, Robert"]
[Result "0-1"]
[WhiteElo "1904"]
[BlackElo "2050"]
[PlyCount "120"]
[EventDate "2017.??.??"]
[WhiteTeam "SK Schwanstetten"]
[BlackTeam "SC Forchheim"]

1. d4 d5 2. Bf4 Nf6 3. e3 c5 4. c3 Nc6 5. Bd3 Qb6 6. Nd2 c4 7. Bc2 Qxb2 8. Ne2
e6 9. e4 Qa3 10. e5 Nd7 11. Nf3 b5 12. O-O Be7 13. g4 Nf8 14. g5 Bd7 15. h4 Rb8
16. h5 g6 17. hxg6 hxg6 18. Kg2 b4 19. Ba4 bxc3 20. Bxc6 Bxc6 21. Rb1 Nd7 22.
Rxb8+ Nxb8 23. Bc1 Qa5 24. Rh1 Rxh1 25. Qxh1 Kd8 26. Ne1 Na6 27. Qh3 Qxa2 28.
Nxc3 Qa1 29. Bd2 Qb2 30. Qe3 Nb4 31. f4 Nc2 32. Nxc2 Qxc2 33. Kg3 a5 34. Qe2
Bb4 35. Qe1 Qd3+ 36. Kg4 Qxd4 37. Nb1 Bxd2 38. Nxd2 Ba4 39. Nf3 Qc5 40. Qa1 Bb3
41. Qh1 c3 42. Qh8+ Kd7 43. Qb8 c2 44. Qb7+ Qc7 45. Qb5+ Qc6 46. Qxc6+ Kxc6 47.
Nd4+ Kc5 48. Nxb3+ Kc4 49. Nc1 Kc3 50. f5 a4 51. fxe6 fxe6 52. Kf3 Kd2 53. Na2
c1=Q 54. Nxc1 Kxc1 55. Ke3 a3 56. Kd4 a2 57. Kc5 d4 58. Kd6 a1=Q 59. Kxe6 d3
60. Kf6 d2 0-1

[Event "?"]
[Site "?"]
[Date "2017.11.05"]
[Round "2.12"]
[White "Eichenauer, Pascal"]
[Black "Lukas, Norbert"]
[Result "0-1"]
[WhiteElo "1720"]
[BlackElo "2040"]
[PlyCount "64"]
[EventDate "2017.??.??"]
[WhiteTeam "SV Würzburg"]
[BlackTeam "SK Schweinfurt"]

1. d4 Nf6 2. c4 e5 3. dxe5 Ng4 4. Bf4 Nc6 5. Nf3 Bb4+ 6. Nbd2 Qe7 7. a3 Ngxe5
8. Nxe5 Nxe5 9. e3 Bxd2+ 10. Qxd2 d6 11. b4 O-O 12. Be2 Bf5 13. O-O Rfe8 14.
Rfd1 Qe6 15. Qc3 Rad8 16. c5 d5 17. c6 bxc6 18. Bxe5 Qxe5 19. Rd4 Re6 20. Qc5
Rh6 21. g3 Be4 22. f3 Qh5 23. h4 Qe5 24. Kf2 Bf5 25. e4 Re8 26. Bf1 Bc8 27.
exd5 Rg6 28. g4 Qh2+ 29. Bg2 Qxh4+ 30. Kf1 Ba6+ 31. Rc4 cxd5 32. Qxd5 Rge6 0-1

[Event "?"]
[Site "?"]
[Date "2017.11.05"]
[Round "2.14"]
[White "Orf, Niklas"]
[Black "Neubauer, Jaroslaus"]
[Result "0-1"]
[WhiteElo "1127"]
[BlackElo "2009"]
[PlyCount "40"]
[EventDate "2017.??.??"]
[WhiteTeam "SK Bad Neustadt"]
[BlackTeam "SK Schweinfurt"]

1. d4 Nf6 2. Bf4 g6 3. Nc3 Bg7 4. e4 d5 5. e5 Ne4 6. Qf3 Nxc3 7. Qxc3 O-O 8. h4
h5 9. O-O-O a5 10. Qe3 c6 11. Bd3 Na6 12. Bh6 Nb4 13. Bxg7 Kxg7 14. Be2 Bf5 15.
c3 Nxa2+ 16. Kd2 Qb6 17. Qg5 Qxb2+ 18. Ke1 f6 19. Qf4 Nxc3 20. Rc1 a4 0-1

[Event "?"]
[Site "?"]
[Date "2017.11.05"]
[Round "2.15"]
[White "Ziegler, Michael"]
[Black "Porstendörfer, Yannik"]
[Result "1-0"]
[WhiteElo "2117"]
[BlackElo "1231"]
[PlyCount "109"]
[EventDate "2017.??.??"]
[WhiteTeam "SC Prichsenstadt"]
[BlackTeam "SK Klingenberg"]

1. d4 g6 2. Nf3 Nf6 3. c4 Bg7 4. Nc3 d6 5. e4 O-O 6. Be2 Nbd7 7. O-O c5 8. Re1
a6 9. Bf1 e6 10. Rb1 Qc7 11. h3 b6 12. d5 e5 13. a3 Rb8 14. Nd2 Ne8 15. b4 Qa7
16. Nb3 Nc7 17. Be3 Re8 18. Qc2 Bf8 19. Rb2 Bb7 20. Reb1 Ba8 21. Be2 Be7 22.
Bg4 Nf6 23. bxc5 bxc5 24. Na5 Rxb2 25. Qxb2 Nxg4 26. hxg4 Kg7 27. Na4 Kg8 28.
Kf1 Kf8 29. Bh6+ Kg8 30. Bd2 Kf8 31. g5 Kg7 32. f4 f6 33. Bc3 Rf8 34. Ke2 Kg8
35. gxf6 Bxf6 36. fxe5 dxe5 37. Qb6 Qxb6 38. Rxb6 Bh4 39. Bxe5 Rf2+ 40. Ke3
Rxg2 41. Bxc7 Bg5+ 42. Kf3 Ra2 43. Nxc5 Rxa3+ 44. Rb3 Ra1 45. Rb8+ Kf7 46. Rxa8
Rf1+ 47. Ke2 Rc1 48. Ne6 Bh6 49. Bf4 Bxf4 50. Nxf4 Rc2+ 51. Kd3 Rf2 52. Ne6
Rf3+ 53. Kd4 Ra3 54. Nc6 Ra1 55. Rf8# 1-0

[Event "?"]
[Site "?"]
[Date "2017.11.05"]
[Round "2.16"]
[White "Meulner, Fabian"]
[Black "Werner, Jörg"]
[Result "1-0"]
[WhiteElo "1993"]
[BlackElo "1758"]
[PlyCount "49"]
[EventDate "2017.??.??"]
[WhiteTeam "SW Nürnberg Süd"]
[BlackTeam "SV Würzburg"]

1. e4 c5 2. Nf3 Nc6 3. b4 cxb4 4. d4 d5 5. exd5 Qxd5 6. c4 bxc3 7. Nxc3 Qa5 8.
d5 Qxc3+ 9. Bd2 Qf6 10. dxc6 Qxc6 11. Rc1 Qe4+ 12. Be3 Qb4+ 13. Bd2 Qe4+ 14.
Be2 Nf6 15. O-O Bd7 16. Bc4 e6 17. Re1 Qg6 18. Ne5 Qh5 19. Nxd7 Kxd7 20. Qa4+
Kd8 21. Ba5+ Ke7 22. Bxe6 fxe6 23. Rc7+ Kd8 24. Rxb7+ Kc8 25. Qc6# 1-0

[Event "?"]
[Site "?"]
[Date "2017.11.05"]
[Round "2.17"]
[White "Köhler, Michael"]
[Black "von Zimmermann, Georg"]
[Result "0-1"]
[WhiteElo "1614"]
[BlackElo "2071"]
[PlyCount "82"]
[EventDate "2017.??.??"]
[WhiteTeam "SC Prichsenstadt"]
[BlackTeam "MSA Zugzwang"]

1. d4 Nf6 2. Nf3 g6 3. c4 Bg7 4. Nc3 d6 5. Bg5 O-O 6. Qc2 Nc6 7. e3 Nb4 8. Qb1
c5 9. dxc5 dxc5 10. a3 Nc6 11. Be2 Qa5 12. O-O Rd8 13. Qc2 Bf5 14. e4 Bg4 15.
Nd5 Bxf3 16. Bxf3 Nxd5 17. cxd5 Nd4 18. Qb1 Nxf3+ 19. gxf3 Qc7 20. Bh4 b5 21.
Bg3 Qb6 22. Qc2 c4 23. Rab1 Rac8 24. Rfc1 a5 25. b3 c3 26. b4 a4 27. Rd1 Bd4
28. Rd3 Rc4 29. Rc1 f5 30. Re1 Qf6 31. e5 Qg5 32. f4 Qh6 33. d6 exd6 34. exd6
Qf8 35. Bh4 Rxd6 36. Be7 Qe8 37. Qe2 c2 38. Qd2 c1=Q 39. Rxc1 Rxc1+ 40. Qxc1
Qxe7 41. Qc8+ Rd8 0-1

[Event "?"]
[Site "?"]
[Date "2017.11.05"]
[Round "2.18"]
[White "Mikota, Paul"]
[Black "Lindner, Helmut"]
[Result "0-1"]
[WhiteElo "1547"]
[BlackElo "1910"]
[PlyCount "118"]
[EventDate "2017.??.??"]
[WhiteTeam "SK Kriegshaber"]
[BlackTeam "SC Prichsenstadt"]

1. d4 d5 2. Nf3 Nf6 3. Bf4 Bf5 4. e3 e6 5. c3 Bd6 6. Ne5 O-O 7. Nd2 c5 8. dxc5
Bxc5 9. h3 Ne4 10. Ndf3 f6 11. Nd3 e5 12. Bh2 Bb6 13. Qb3 Be6 14. O-O-O Nc6 15.
Nd2 Na5 16. Qc2 Nxd2 17. Qxd2 Nc4 18. Qe1 Qe7 19. Nb4 Rfd8 20. Bxc4 dxc4 21.
Qe2 Bc5 22. Nc2 b5 23. e4 a5 24. f4 exf4 25. Bxf4 b4 26. Rxd8+ Rxd8 27. Rd1
bxc3 28. Rxd8+ Qxd8 29. bxc3 Qd7 30. Qd2 Qc6 31. Be3 Be7 32. Qd4 Kf7 33. Kb1
Bd6 34. Qa7+ Kg6 35. Qb6 Qc7 36. Qxc7 Bxc7 37. Na3 f5 38. exf5+ Bxf5+ 39. Kc1
Bd3 40. Bf2 Kf5 41. Be3 Ke4 42. Kd2 g6 43. g4 Kf3 44. g5 Kg3 45. Nb5 Bd8 46.
Nd6 Kxh3 47. Nf7 Bc7 48. Kc1 Kg4 49. Kb2 Be4 50. Bd4 Bd5 51. Be5 Bxe5 52. Nxe5+
Kxg5 53. Kc2 h5 54. Kd2 Kf5 55. Nd7 g5 56. Ke3 g4 57. Kf2 h4 58. Kg1 Kf4 59.
Nf6 Bc6 0-1

[Event "?"]
[Site "?"]
[Date "2017.11.05"]
[Round "2.19"]
[White "Diller, Andreas"]
[Black "Meyer, Nico"]
[Result "0-1"]
[WhiteElo "1885"]
[BlackElo "1610"]
[PlyCount "58"]
[EventDate "2017.??.??"]
[WhiteTeam "SK Rothenburg"]
[BlackTeam "SC Bechhofen"]

1. e4 c5 2. f4 Nc6 3. Bb5 e6 4. Bxc6 bxc6 5. Nf3 d5 6. e5 c4 7. b3 Ba6 8. bxc4
Bxc4 9. Na3 Ba6 10. c3 Qa5 11. Nc2 Bd3 12. Nfd4 c5 13. Nb3 Qa4 14. g3 Qe4+ 15.
Kf2 Bxc2 16. Qf1 Bd3 17. Qd1 Nh6 18. Re1 Bc2 19. Qh5 Qf5 20. Qe2 Bd3 21. Qd1
Qh3 22. Rh1 Ng4+ 23. Kg1 Be4 24. Qe2 c4 25. Nd4 Bc5 26. d3 cxd3 27. Qb2 O-O 28.
Rb1 Bxh1 29. Kxh1 Qf1# 0-1

[Event "?"]
[Site "?"]
[Date "2017.11.05"]
[Round "2.20"]
[White "Memmel, Stefan"]
[Black "Homi, Joseph"]
[Result "0-1"]
[WhiteElo "1386"]
[BlackElo "1850"]
[PlyCount "86"]
[EventDate "2017.??.??"]
[WhiteTeam "SK Schweinfurt"]
[BlackTeam "SGem Fürth"]

1. e4 e6 2. d4 b6 3. Nc3 Bb7 4. Nf3 Bb4 5. Bd3 Nf6 6. Bg5 h6 7. Bxf6 Qxf6 8.
Qd2 Qg6 9. Rg1 c5 10. O-O-O Bxc3 11. Qxc3 Bxe4 12. Bxe4 Qxe4 13. dxc5 O-O 14.
cxb6 axb6 15. a3 Na6 16. Qd4 Qf5 17. Qd3 Qf4+ 18. Qd2 Qc4 19. Qd3 Qa2 20. Qb3
Qxb3 21. cxb3 d5 22. b4 Nc7 23. Kd2 Nb5 24. Rc1 Nd6 25. Ke2 Nc4 26. Rc2 Rfd8
27. Rd1 b5 28. g3 e5 29. Kf1 d4 30. Nxe5 Nxe5 31. Rc5 Nc4 32. Rxb5 Nxb2 33. Rd2
Nc4 34. Rd3 Rxa3 35. Rd1 d3 36. Rc5 Nb2 37. Rd2 Ra1+ 38. Kg2 Na4 39. Ra5 Rd4
40. b5 Rb1 41. Kf3 Nb2 42. Ra3 Nc4 43. Raxd3 Rxd3+ 0-1

[Event "?"]
[Site "?"]
[Date "2017.11.05"]
[Round "2.22"]
[White "Lipinsky, Pierre"]
[Black "Braun, Kristin"]
[Result "0-1"]
[WhiteElo "1200"]
[BlackElo "1832"]
[PlyCount "104"]
[EventDate "2017.??.??"]
[WhiteTeam "SC Tarrasch München"]
[BlackTeam "SC Forchheim"]

1. e4 c5 2. Nf3 d6 3. d4 cxd4 4. Nxd4 Nf6 5. f3 g6 6. c4 Bg7 7. Be3 Nc6 8. Nc3
O-O 9. Be2 Re8 10. O-O Nxd4 11. Bxd4 Be6 12. Rc1 a6 13. f4 Rc8 14. e5 dxe5 15.
fxe5 Nd7 16. Nd5 Bxd5 17. cxd5 Bxe5 18. Bxe5 Nxe5 19. Rxc8 Qb6+ 20. Kh1 Rxc8
21. b3 Qd6 22. a4 Rc5 23. Bc4 Nxc4 24. bxc4 Rxc4 25. Qf3 f6 26. Qb3 Qb4 27. Qe3
Re4 28. Qa7 Re1 29. Rg1 Rxg1+ 30. Qxg1 Qxa4 31. h3 Qd7 32. h4 Qxd5 33. Kh2 Kf7
34. g4 b5 35. g5 Qe5+ 36. Kh1 Qe4+ 37. Kh2 Qxh4+ 38. Kg2 Qxg5+ 39. Kh2 Qxg1+
40. Kxg1 a5 41. Kf2 a4 42. Kg3 a3 43. Kh4 a2 44. Kg4 a1=Q 45. Kh3 Qg1 46. Kh4
g5+ 47. Kh3 g4+ 48. Kh4 g3 49. Kh3 g2 50. Kg3 Qf1 51. Kh4 g1=Q 52. Kh5 Qh3# 0-1

[Event "?"]
[Site "?"]
[Date "2017.11.05"]
[Round "2.23"]
[White "Lichtmannecker, Daniel"]
[Black "Hammerl, Jonas"]
[Result "1-0"]
[WhiteElo "1831"]
[BlackElo "1622"]
[PlyCount "95"]
[EventDate "2017.??.??"]
[WhiteTeam "FC Ergolding"]
[BlackTeam "FC Ergolding"]

1. d4 Nf6 2. c4 g6 3. Nc3 Bg7 4. Nf3 O-O 5. g3 d6 6. Bg2 Nbd7 7. O-O c6 8. e4
e5 9. h3 Re8 10. Be3 exd4 11. Nxd4 Nc5 12. Qc2 a5 13. Rfe1 Nfd7 14. Rad1 Qc7
15. b3 Nb6 16. Ndb5 cxb5 17. Nxb5 Qe7 18. Nxd6 Nbd7 19. Nxe8 Qxe8 20. Rd5 Na6
21. a3 Nab8 22. Red1 Nc6 23. f4 Qe7 24. c5 Nf6 25. R5d2 h5 26. e5 Bf5 27. Qc4
Rc8 28. Bf2 Ne8 29. Qb5 Bf8 30. Kh2 Qc7 31. Bf3 Bh6 32. Kg2 Ng7 33. g4 hxg4 34.
hxg4 Be6 35. g5 Nxe5 36. Qxb7 Bxg5 37. fxg5 Nf5 38. Qxc7 Rxc7 39. Bd5 Bc8 40.
b4 Ng4 41. Rd3 axb4 42. axb4 Ne7 43. Bf3 Nc6 44. Rd8+ Nxd8 45. Rxd8+ Kg7 46.
Bd4+ f6 47. Rxc8 Rxc8 48. Bxg4 1-0

[Event "?"]
[Site "?"]
[Date "2017.11.05"]
[Round "2.24"]
[White "Löw, Leonid"]
[Black "Drewes, Thomas"]
[Result "0-1"]
[WhiteElo "1272"]
[BlackElo "1794"]
[PlyCount "76"]
[EventDate "2017.??.??"]
[WhiteTeam "Allersberger SC"]
[BlackTeam "SV Würzburg"]

1. e4 e5 2. Nf3 d6 3. Bc4 Be7 4. c3 Nf6 5. d3 O-O 6. Nbd2 c6 7. O-O b5 8. Bb3
Nbd7 9. d4 Qc7 10. dxe5 dxe5 11. Re1 Nc5 12. Qc2 Rd8 13. Nf1 Bg4 14. Ng3 a5 15.
a4 Nxb3 16. Qxb3 b4 17. c4 Rd7 18. h3 Bxf3 19. Qxf3 Rad8 20. Be3 Rd3 21. Red1
Qd7 22. Rxd3 Qxd3 23. Qe2 Qxe2 24. Nxe2 Nxe4 25. f3 Bc5 26. Bxc5 Nxc5 27. Ng3
g6 28. Ne4 Nxe4 29. fxe4 Rd4 30. b3 Rxe4 31. Rd1 Rd4 32. Re1 f6 33. Kf2 Kf7 34.
Re3 h5 35. g3 Ke6 36. Kf3 f5 37. h4 Rd2 38. c5 Rd5 0-1

[Event "?"]
[Site "?"]
[Date "2017.11.05"]
[Round "2.25"]
[White "Neuwerth, Chulian"]
[Black "Porstendörfer, Eric"]
[Result "1-0"]
[WhiteElo "1790"]
[BlackElo "1253"]
[PlyCount "43"]
[EventDate "2017.??.??"]
[WhiteTeam "SV Röhrnbach"]
[BlackTeam "SK Klingenberg"]

1. c4 e5 2. g3 Nc6 3. Bg2 Nf6 4. e4 Bc5 5. Ne2 d6 6. O-O Bg4 7. Nbc3 O-O 8. h3
Bh5 9. d3 h6 10. a3 a6 11. Qc2 Bd4 12. Kh2 Nh7 13. g4 Bxg4 14. hxg4 Qh4+ 15.
Bh3 Bxf2 16. Kg2 Nd4 17. Qd1 Ng5 18. Bxg5 Qxg5 19. Rxf2 h5 20. Nxd4 exd4 21.
Rf5 Qg6 22. Nd5 1-0

[Event "?"]
[Site "?"]
[Date "2017.11.05"]
[Round "2.26"]
[White "Rauth, Markus"]
[Black "Abou Wally, Adrian"]
[Result "1/2-1/2"]
[WhiteElo "1744"]
[BlackElo "1121"]
[PlyCount "117"]
[EventDate "2017.??.??"]
[WhiteTeam "SV Germania Erlenbach"]
[BlackTeam "SV Schott Jena"]

1. e4 e5 2. Nf3 Nc6 3. Bc4 Bc5 4. c3 Nf6 5. d3 d6 6. Bb3 Be6 7. Bc2 O-O 8. Nbd2
Qd7 9. Nf1 d5 10. Qe2 Rfe8 11. Ng3 Rad8 12. O-O h6 13. Kh1 Bg4 14. h3 Bh5 15.
Nxh5 Nxh5 16. Nh4 Nf6 17. Nf5 Ne7 18. Qf3 Nxf5 19. exf5 e4 20. Qd1 Qxf5 21. d4
Bb6 22. Be3 c6 23. f4 Bc7 24. g4 Qe6 25. Qe1 Nh7 26. Bd1 g5 27. fxg5 hxg5 28.
Rf5 Qd6 29. Qf2 f6 30. Be2 Rf8 31. Rg1 Rd7 32. Rg2 Rdf7 33. Qf1 a6 34. Bg1 Qd7
35. Qd1 Bf4 36. Qb3 b5 37. a3 Qd6 38. Qd1 Re8 39. Qf1 Ref8 40. h4 Qd7 41. Bh2
Bxh2 42. Rxh2 Qe7 43. h5 a5 44. a4 bxa4 45. Qa1 Ra8 46. Qxa4 Qd6 47. b4 Rfa7
48. b5 cxb5 49. Bxb5 Qg3 50. Qd1 Qd6 51. Qe2 a4 52. Rxd5 Qe7 53. Bc4 Kg7 54.
Ba2 Nf8 55. Qe1 Ne6 56. Qxe4 Nf4 57. Qxe7+ Rxe7 58. Rf2 Nxd5 59. Bxd5 1/2-1/2

[Event "?"]
[Site "?"]
[Date "2017.11.05"]
[Round "2.27"]
[White "Glok, David"]
[Black "Prieb, Robert"]
[Result "0-1"]
[WhiteElo "1021"]
[BlackElo "1742"]
[PlyCount "54"]
[EventDate "2017.??.??"]
[WhiteTeam "SK München Südost"]
[BlackTeam "SG Bochum"]

1. e4 c5 2. Nf3 d6 3. Bc4 Nf6 4. Nc3 e6 5. d4 cxd4 6. Qxd4 Nc6 7. Qd1 Be7 8. a3
a6 9. a4 O-O 10. h3 b6 11. g4 Re8 12. g5 Nd7 13. h4 Bb7 14. h5 d5 15. exd5 exd5
16. Be2 d4 17. Nxd4 Nxd4 18. Rg1 Nxe2 19. Nxe2 Bf3 20. h6 Bxe2 21. Qd4 Bf8 22.
Be3 Bh5 23. f4 Bg6 24. Rc1 gxh6 25. gxh6 Bxh6 26. Kd1 Bg7 27. Qd2 Nc5 0-1

[Event "?"]
[Site "?"]
[Date "2017.11.05"]
[Round "2.28"]
[White "Schneider, Dominik"]
[Black "Kaptan, Cagatay"]
[Result "1-0"]
[WhiteElo "1819"]
[BlackElo "1691"]
[PlyCount "121"]
[EventDate "2017.??.??"]
[WhiteTeam "vereinslos"]
[BlackTeam "vereinslos"]

1. e4 c5 2. Nf3 d6 3. d4 cxd4 4. Nxd4 Nf6 5. Nc3 g6 6. Be3 Bg7 7. f3 O-O 8. Qd2
Nc6 9. O-O-O Bd7 10. g4 Ne5 11. h4 a6 12. Bh6 b5 13. Bxg7 Kxg7 14. h5 gxh5 15.
g5 Ne8 16. Rxh5 Ng6 17. Nf5+ Bxf5 18. exf5 Rc8 19. fxg6 fxg6 20. Rh3 Qa5 21.
Kb1 e6 22. Qd4+ Kg8 23. Bd3 Ng7 24. Rdh1 Nh5 25. Qe4 Kf7 26. Re1 e5 27. Rxh5
gxh5 28. Qxh7+ Ke8 29. Qg6+ Ke7 30. Bf5 Rxf5 31. Qxf5 Rc5 32. Qf6+ Kd7 33. Rd1
Qc7 34. Qxd6+ Qxd6 35. Rxd6+ Ke7 36. Rxa6 Rc4 37. Ne4 Rc8 38. Kc1 Rh8 39. Rh6
Rxh6 40. gxh6 Kf7 41. h7 Kg7 42. Kd2 Kxh7 43. Nf6+ Kg6 44. Nxh5 Kxh5 45. Ke3
Kg5 46. Ke4 Kf6 47. b3 b4 48. f4 exf4 49. Kxf4 Ke6 50. Ke4 Kd6 51. Kd4 Kc6 52.
Kc4 Kb6 53. Kxb4 Ka6 54. c4 Kb6 55. c5+ Kb7 56. Kb5 Kc7 57. c6 Kb8 58. Kb6 Ka8
59. a4 Kb8 60. c7+ Kc8 61. a5 1-0

[Event "?"]
[Site "?"]
[Date "2017.11.05"]
[Round "2.29"]
[White "von Kortzfleisch, Ruben"]
[Black "Nicola, Marius"]
[Result "1-0"]
[WhiteElo "1677"]
[BlackElo "840"]
[PlyCount "75"]
[EventDate "2017.??.??"]
[WhiteTeam "SF Bad Mergentheim"]
[BlackTeam "SK Schweinfurt"]

1. e4 c5 2. b3 e6 3. Bb2 Nc6 4. Bb5 a6 5. Bxc6 dxc6 6. Ne2 Qg5 7. O-O Bd7 8. d3
Bd6 9. f4 Qg6 10. Ng3 O-O-O 11. Qh5 f6 12. Nd2 Be8 13. Qxg6 hxg6 14. e5 Bc7 15.
Nde4 f5 16. Nxc5 Bb6 17. d4 Bxc5 18. dxc5 Nh6 19. h3 Nf7 20. Rad1 Rd5 21. c4
Rxc5 22. Bd4 Ra5 23. a4 c5 24. Bc3 b6 25. Ne2 Rh5 26. Nc1 g5 27. Bxa5 bxa5 28.
Nd3 gxf4 29. Nxc5 Nxe5 30. Nxe6 Bc6 31. Rxf4 g6 32. Rd8+ Kb7 33. Rdd4 Ka7 34.
Rh4 Rxh4 35. Rxh4 Kb6 36. Rh7 Be4 37. Rc7 Bc6 38. c5# 1-0

[Event "?"]
[Site "?"]
[Date "2017.11.05"]
[Round "3.1"]
[White "Wagner, Robert"]
[Black "Epishin, Vladimir"]
[Result "0-1"]
[WhiteElo "2050"]
[BlackElo "2519"]
[PlyCount "116"]
[EventDate "2017.??.??"]
[WhiteTeam "SC Forchheim"]
[BlackTeam "SV Lingen"]

1. d4 c5 2. c3 Qa5 3. Nd2 d6 4. g3 cxd4 5. Nb3 Qb6 6. Qxd4 Qc7 7. Bg2 Nf6 8.
Nf3 e5 9. Qd1 h6 10. O-O Be6 11. Ne1 Be7 12. Nc2 a5 13. Ne3 a4 14. Nd2 d5 15.
c4 dxc4 16. Ndxc4 O-O 17. Bd2 Rd8 18. Qc2 Nc6 19. Bxc6 Qxc6 20. Rfc1 Ne4 21.
Be1 f6 22. Na5 Qxc2 23. Rxc2 Rd7 24. a3 Bd8 25. Nac4 b5 26. Nd2 Nxd2 27. Rxd2
Rxd2 28. Bxd2 Bb6 29. Kf1 Bd4 30. Nd1 Bb3 31. e3 Bb6 32. Ke1 Kf7 33. Nc3 Bc4
34. Ne2 h5 35. Bc3 Rd8 36. Rd1 Rxd1+ 37. Kxd1 g5 38. Kd2 Ke6 39. h3 Bd5 40. Ng1
f5 41. Ke2 g4 42. hxg4 hxg4 43. Ke1 Bc4 44. Ne2 Kd5 45. Bb4 Bxe2 46. Kxe2 Ke4
47. Bd6 Bd8 48. Bb8 Be7 49. Bc7 b4 50. axb4 Bxb4 51. Bb8 Bc3 52. Kd1 Bxb2 53.
Kc2 a3 54. Ba7 Kf3 55. Bc5 e4 56. Bd6 Kxf2 57. Bf4 Kf3 58. Kb1 Bc3 0-1

[Event "?"]
[Site "?"]
[Date "2017.11.05"]
[Round "3.2"]
[White "Helgert, Johannes"]
[Black "Teske, Henrik"]
[Result "0-1"]
[WhiteElo "2043"]
[BlackElo "2471"]
[PlyCount "52"]
[EventDate "2017.??.??"]
[WhiteTeam "SV Würzburg"]
[BlackTeam "SV Empor Erfurt"]

1. d4 Nf6 2. c4 b6 3. Nc3 Bb7 4. f3 d5 5. cxd5 Nxd5 6. e4 Nxc3 7. bxc3 e5 8.
Be3 exd4 9. cxd4 Bb4+ 10. Kf2 O-O 11. Bc4 c5 12. Ne2 Nd7 13. Qb3 Qf6 14. d5 a6
15. a3 Ba5 16. a4 Ne5 17. h3 Bb4 18. Ra2 Qh4+ 19. g3 Qe7 20. Rha1 Kh8 21. f4
Nxc4 22. Qxc4 Rfe8 23. Kf3 Rad8 24. Rd1 f5 25. e5 Rxd5 26. Rxd5 Qe6 0-1